Statistics for Biggest Cities in Albania Quiz

Click here to take the quiz!

General Stats

  • This quiz has been taken 1,155 times
    (1,154 since last reset)
  • The average score is 6 of 10

Answer Stats

PopulationCity% Correct
421,286Tirana
100%
115,550Durrës
87%
74,876Shkodër
74%
79,948Vlorë
74%
79,810Elbasan
69%
51,683Korçë
59%
57,198Fier
54%
36,467Berat
50%
31,424Lushnjë
25%
20,312Kavajë
17%

Score Distribution

Percentile by Number Answered

Percent of People with Each Score

Your Score History

You have not taken this quiz since the last reset